Catch him if you can (World Capitals Marathon) - Statistics

General Stats
  • This quiz has been taken 18 times
    9 since last reset
  • The average score is 102 of 196
Answer Stats
and than to City % Correct
and from there he escapes to Amsterdam
100%
and from there he escapes to Paris
100%
and from there he escapes to Bern
86%
James Jules escaped from London to Brussels
86%
and from there he escapes to Ljubljana
86%
and from there he escapes to Luxembourg
86%
and from there he escapes to Vaduz
86%
and from there he escapes to Zagreb
86%
and from there he escapes to Abu Dhabi
57%
and from there he escapes to Abuja
57%
and from there he escapes to Accra
57%
and from there he escapes to Addis Ababa
57%
and from there he escapes to Algiers
57%
and from there he escapes to Amman
57%
and from there he escapes to Andorra la Vella
57%
and then he leaves the continent to Ankara
57%
and from there he escapes to Antananarivo
57%
and from there he escapes to Ashgabat
57%
and from there he escapes to Asmara
57%
and from there he escapes to Astana
57%
and then he leaves the continent to Athens
57%
and then he leaves the continent to Baghdad
57%
and from there he escapes to Baku
57%
and from there he escapes to Bamako
57%
and from there he escapes to Bandar Seri Begawan
57%
and from there he escapes to Bangkok
57%
and from there he escapes to Bangoui
57%
and from there he escapes to Banjul
57%
and from there he escapes to Beijing
57%
and from there he escapes to Beirut
57%
and from there he escapes to Belgrade
57%
and from there he escapes to Berlin
57%
and from there he escapes to Bishkek
57%
and from there he escapes to Bissau
57%
and from there he escapes to Bratislava
57%
and from there he escapes to Brazzaville
57%
and from there he escapes to Bucharest
57%
and from there he escapes to Budapest
57%
and then he leaves the continent to Cairo
57%
and from there he escapes to Cape Town
57%
and from there he escapes to Chisinau
57%
and from there he escapes to Conakry
57%
and from there he escapes to Copenhagen
57%
and from there he escapes to Dakar
57%
and from there he escapes to Damascus
57%
and from there he escapes to Dhaka
57%
and then he leaves the continent to Dili
57%
and then he leaves the continent to Djibouti
57%
and from there he escapes to Dodoma
57%
and from there he escapes to Doha
57%
and from there he escapes to Dushanbe
57%
and from there he escapes to Freetown
57%
and from there he escapes to Gaborone
57%
and from there he escapes to Gitega
57%
and from there he escapes to Hanoi
57%
and from there he escapes to Harare
57%
and from there he escapes to Helsinki
57%
and from there he escapes to Honiara
57%
and from there he escapes to Islamabad
57%
and from there he escapes to Jakarta
57%
and from there he escapes to Jerusalem
57%
and from there he escapes to Juba
57%
and from there he escapes to Kábul
57%
and from there he escapes to Kampala
57%
and from there he escapes to Kathmandu
57%
and from there he escapes to Khartoum
57%
and from there he escapes to Kiev
57%
and from there he escapes to Kigali
57%
and from there he escapes to Kinshasa
57%
and from there he escapes to Kuala Lumpur
57%
and from there he escapes to Kuwait City
57%
and from there he escapes to Libreville
57%
and from there he escapes to Lilongwe
57%
and from there he escapes to Lisbon
57%
and from there he escapes to Lomé
57%
and from there he escapes to Luanda
57%
and from there he escapes to Lusaka
57%
and from there he escapes to Madrid
57%
and from there he escapes to Malabo
57%
and from there he escapes to Manáma
57%
and from there he escapes to Manila
57%
and from there he escapes to Maputo
57%
and from there he escapes to Maseru
57%
and from there he escapes to Mbabane
57%
and then he leaves the continent to Melekeok
57%
and from there he escapes to Minsk
57%
and from there he escapes to Mogadishu
57%
and from there he escapes to Monaco
57%
and from there he escapes to Monrovia
57%
and from there he escapes to Moroni
57%
and from there he escapes to Muscat
57%
and from there he escapes to Nairobi
57%
and from there he escapes to Nay Pyi Taw
57%
and from there he escapes to N'Djamena
57%
and from there he escapes to New Delhi
57%
and from there he escapes to Niamey
57%
and from there he escapes to Nicosia
57%
and from there he escapes to Nouakchott
57%
and from there he escapes to Oslo
57%
and from there he escapes to Ouagadougou
57%
and from there he escapes to Phnom Penh
57%
and from there he escapes to Podgorica
57%
and from there he escapes to Port Louis
57%
and then he leaves the continent to Port Moresby
57%
and from there he escapes to Porto Novo
57%
and from there he escapes to Prague
57%
and from there he escapes to Praia
57%
and from there he escapes to Priština
57%
and from there he escapes to Pyongyang
57%
and then he leaves the continent to Rabat
57%
and from there he escapes to Riga
57%
and from there he escapes to Riyadh
57%
and from there he escapes to Rome
57%
and from there he escapes to Sana'a
57%
and from there he escapes to San Marino
57%
and from there he escapes to Sao Tome
57%
and from there he escapes to Sarajevo
57%
and from there he escapes to Seoul
57%
and from there he escapes to Singapore
57%
and from there he escapes to Skopje
57%
and from there he escapes to Sofia
57%
and from there he escapes to Stockholm
57%
and from there he escapes to Taipei
57%
and from there he escapes to Tallinn
57%
and from there he escapes to Tashkent
57%
and from there he escapes to Tbilisi
57%
and from there he escapes to Tehran
57%
and from there he escapes to Thimphu
57%
and from there he escapes to Tirana
57%
and from there he escapes to Tokyo
57%
and from there he escapes to Tripoli
57%
and from there he escapes to Tunis
57%
and from there he escapes to Ulaanbaatar
57%
and then he leaves the continent to Valletta
57%
and from there he escapes to Vatican City
57%
and from there he escapes to Victoria
57%
and from there he escapes to Vienna
57%
and from there he escapes to Vientiane
57%
and from there he escapes to Vilnius
57%
and from there he escapes to Warsaw
57%
and from there he escapes to Windhoek
57%
and from there he escapes to Yamoussoukro
57%
and from there he escapes to Yaoundé
57%
and from there he escapes to Yaren
57%
and then he leaves the continent to Yerevan
57%
and from there he escapes to Apia
43%
and from there he escapes to Canberra
43%
and from there he escapes to Funafuti
43%
and from there he escapes to Majuro
43%
and from there he escapes to Nuku'alofa
43%
and from there he escapes to Palikir
43%
and from there he escapes to Port-Vila
43%
and then he leaves the continent to Sri Jayawardenepura Kotte
43%
and from there he escapes to Suva
43%
and from there he escapes to Tarawa
43%
and from there he escapes to Wellington
43%
and from there he escapes to Asuncion
29%
and from there he escapes to Basseterre
29%
and from there he escapes to Belmopan
29%
and from there he escapes to Bogota
29%
and we will finally catch him in Brasilia
29%
and from there he escapes to Bridgetown
29%
and from there he escapes to Buenos Aires
29%
and from there he escapes to Caracas
29%
and from there he escapes to Castries
29%
and from there he escapes to Dublin
29%
and then he leaves the continent to Georgetown
29%
and from there he escapes to Guatemala City
29%
and from there he escapes to Havana
29%
and from there he escapes to Kingston
29%
and from there he escapes to Kingstown
29%
and then he leaves the continent to Lima
29%
and then we bring him to justice back to London
29%
and from there he escapes to Malé
29%
and from there he escapes to Managua
29%
and from there he escapes to Mexico City
29%
and from there he escapes to Montevideo
29%
and then he leaves the continent to Moscow
29%
and from there he escapes to Nassau
29%
and then he leaves the continent to Ottawa
29%
and from there he escapes to Panama City
29%
and from there he escapes to Paramaribo
29%
and from there he escapes to Port Au-Prince
29%
and from there he escapes to Port of Spain
29%
and from there he escapes to Quito
29%
and from there he escapes to Reykjavik
29%
and from there he escapes to Roseau
29%
and from there he escapes to Saint George´s
29%
and from there he escapes to Saint John´s
29%
and then he leaves the continent to San José
29%
and from there he escapes to San Salvador
29%
and from there he escapes to Santiago
29%
and from there he escapes to Santo Domingo
29%
and from there he escapes to Sucre
29%
and from there he escapes to Tegucigalpa
29%
and from there he escapes to Washington DC
29%
No matching quizzes found
Score Distribution
Percent of People with Each Score
Percentile by Number Answered
Your Score History
You have not taken this quiz since the last reset